Statistics for Iron Assault Quiz

Click here to take the quiz!

General Stats

  • This quiz has been taken 23 times
  • The average score is 13 of 20

Answer Stats

HintAnswer% Correct
Communism
95%
The 4 IdeologiesDemocracy
95%
The starting year on default maps1936
89%
The ending year on default maps1946
84%
The Creator of the gameMiniToon
84%
Attack Phase
79%
Move Phase
74%
The 3 PhasesPurchase Phase
74%
Authoritarianism
68%
You need this to declare war on a countryPolitical Power
68%
On the Default World Map, the territory of Myanmar is owned by this countryBritish Raj
63%
Non-Aligned
63%
You build cities with theseResources
63%
You need these to acquire tanks, major cities and nukesResearch Points
58%
On the Default World Map, Italy is at war with this countryEthiopia
53%
And that territory is owned by this countryJapan
42%
You do these to change ideologyDecisions
37%
On the Default World Map, the territory of Jehol is owned by this countryManchukuo
37%
This determines how much of the two things above you get every yearProductivity
37%
This territory has the highest Research Value on the Default World MapKanto
26%

Score Distribution

Percentile by Number Answered

Percent of People with Each Score

Your Score History

You have not taken this quiz